Kronika Cartera Kanea. Rudá pyramida /
Příběh z fantasy trilogie čerpající z egyptských pramenů. Přepis digitální nahrávky líčící dobrodružství sourozenců Kaneových.
Uloženo v:
| Série: | Kronika Cartera Kanea,
část 1 |
|---|---|
| Hlavní autor: | |
| Další autoři: | |
| Médium: | E-kniha |
| Jazyk: | Czech |
| Vydáno: |
V Praze :
Fragment,
2022
|
| Vydání: | 2. vydání |
| Témata: | |
| Příbuzné jednotky: | Z cyklu::
Kronika Cartera Kanea |
| Tagy: |
Žádné tagy |
| LEADER | 02791nam a2200529 i 4500 | ||
|---|---|---|---|
| 001 | 311693 | ||
| 003 | CZ PrSKC | ||
| 005 | 20260601215710.0 | ||
| 007 | ta | ||
| 008 | 221018s2022 xr c 000 f cze | ||
| 015 | |a cnb003464748 | ||
| 020 | |a 9788025360439 |q (vázáno) | ||
| 035 | |a (OCoLC)1354195369 | ||
| 040 | |a OLA001 |b cze |e rda | ||
| 041 | 1 | |a cze |h eng | |
| 072 | 7 | |a 821.111(73)-3 |x Americká próza |2 Konspekt | |
| 072 | 7 | |a 821-93 |x Literatura pro děti a mládež (beletrie) |2 Konspekt | |
| 080 | |a 821.111(73)-31 |2 MRF | ||
| 080 | |a 821-93 |2 MRF | ||
| 080 | |a (0:82-312.9) |2 MRF | ||
| 100 | 1 | |a Riordan, Rick, |d 1964- |7 xx0103318 |4 aut | |
| 240 | 1 | 0 | |a Red pyramid. |l Česky |
| 245 | 1 | 0 | |a Kronika Cartera Kanea. |p Rudá pyramida / |c Rick Riordan ; z anglického originálu The Kane chronicles 1 - The red pyramid přeložila Dana Chodilová |
| 246 | 3 | 0 | |a Rudá pyramida |
| 250 | |a 2. vydání | ||
| 264 | 1 | |a V Praze : |b Fragment, |c 2022 | |
| 300 | |a 407 stran ; |c 21 cm | ||
| 336 | |a text |b txt |2 rdacontent | ||
| 337 | |a bez média |b n |2 rdamedia | ||
| 338 | |a svazek |b nc |2 rdacarrier | ||
| 520 | 2 | |a Příběh z fantasy trilogie čerpající z egyptských pramenů. Přepis digitální nahrávky líčící dobrodružství sourozenců Kaneových. |b Carter Kane cestuje už šest let se svým otcem, věhlasným egyptologem, z místa na místo. Vlastní sestru Sadie, která žije s prarodiči v Londýně, skoro nezná. Setkávají se jen dvakrát do roka - tentokrát během návštěvy Britského muzea. Jenže pozor - egyptští bohové se probouzejí a Kaneovy čekají Vánoce, jaké dosud nezažili. Sourozenci zjistí děsivou pravdu o své rodině a tajemné egyptské bohy poznají z mnohem větší blízkosti, než by je kdy napadlo. Nakladatelská anotace. | |
| 521 | 8 | |a Pro čtenáře od 11 let | |
| 655 | 7 | |a americké romány |7 fd131796 |2 czenas | |
| 655 | 7 | |a fantasy romány |7 fd184199 |2 czenas | |
| 655 | 7 | |a publikace pro děti |7 fd133156 |2 czenas | |
| 655 | 9 | |a American fiction |2 eczenas | |
| 655 | 9 | |a fantasy novels |2 eczenas | |
| 655 | 9 | |a children's literature |2 eczenas | |
| 700 | 1 | |a Chodilová, Dana, |d 1964- |7 xx0017374 |4 trl | |
| 765 | 1 | |t Kane chronicles | |
| 787 | 0 | 8 | |i Z cyklu: |t Kronika Cartera Kanea |g 1 |
| 900 | |a ABA001 |b 21 | ||
| 928 | 9 | |a Albatros Media - Fragment | |
| 044 | |a xr | ||
| 910 | |a RBIT002 | ||
| 998 | |d 361824 |a https://core.palmknihy.cz/api/books/361824/cover?si67pg |b https://core.palmknihy.cz/api/books/361824/cover/400?si67pg |c https://core.palmknihy.cz/api/books/361824/cover/50?si67pg |e 2026-12-02 |g 408 |i 9788025360439 |j https://core.palmknihy.cz/api/books/361824/preview.epub |k https://core.palmknihy.cz/api/books/361824/preview.pdf |l |q 49 |r 1 |s https://www.palmknihy.cz/kniha/361824 |t ebook |y 2022 |z 0 |v Kronika Cartera Kanea |w 1 | ||
| 999 | |d 311691 | ||